01480nam a22003137a 4500999001500000001000600015003000900021005001700030008004100047040002800088082002100116100002800137245009700165250001200262260004000274300003000314500004300344500002000387520006900407650002000476650001400496710001600510942001200526952011900538952013700657952011900794952011900913952013401032 c1639d163911704BD-DhUAP20200211123201.0200211s2004 bg 001 0 eng  aDLCcDLCdBD-DhUAPbEng 223a346.0436 CHO1 aChowdhury, Obaidul Huq.10aObaidul Huq Chowdhury's Transfer of Property Act (Act IV of 1882) /cObaidul Huq Chowdhury.  a3rd ed. aDhaka :bDhaka Law Reports,c2004.  a[32], 572 pages ;c26 cm. aSpine title: Transfer of Property Act. aIncludes index. aIncludes up to date case-law of Bangladesh, India, and Pakistan. aTransfer (Law). aProperty.12aBangladesh. 2ddccBK 00102ddc4070aUAPCLbUAPCLcGeneral Stacksd2020-02-11o346.0436 CHOp3010011704r2020-02-11t1w2020-02-11yBK 00102ddc4070aUAPCLbUAPCLcGeneral Stacksd2020-02-11l2m4o346.0436 CHOp3010012773r2025-11-09s2025-09-28t2w2020-02-11yBK 00102ddc4070aUAPCLbUAPCLcGeneral Stacksd2020-02-11o346.0436 CHOp3010014070r2020-02-11t3w2020-02-11yBK 00102ddc4070aUAPCLbUAPCLcGeneral Stacksd2020-02-11o346.0436 CHOp3010015708r2020-02-11t4w2020-02-11yBK 00102ddc4070aUAPCLbUAPCLcGeneral Stacksd2020-02-11l1o346.0436 CHOp3010014069r2025-09-28s2025-09-28t5w2020-02-11yBK